1360 1529 1151 1006 1073 1504 1822 1136 1523 1854 1516 1412 1927 1194 1728 1126 1240 1720 1442 1379 1937 1824 1978 1831 1965 1759 1967 1504 1151 1562 1462 1967 1342 1094 1413 1300 1356 1106 1084 1835 1622 1529 1765 1480 1732 1795 1730 1897 1449 1857 1464 1210 1281 1154 1254 1414 1582 1464 1978 1263 1987 1904 1821 1789 1792 1130 1802 1075 1658 1449 1219 1788 1807 1148 1196 1494 1470 1900 1197 1559 1333 1244 1031 1218 1550 1602 1530 1570 1642 1120 1129 1020 1011 1890 1608 1198 1139 1075 1763 BCNSPRNW ULIB Ver.6.0+V

เปลี่ยนเป็นภาษาไทย

Change to English
 แสดงรายละเอียดบรรณานุกรม
  กลับหน้าหลัก

Brief Record : Get Marc (ISO 2709) : E-mail record : QR code < ปิดหน้าต่าง
LEADER : 00000nam 2200000uu 4500
001    13399123184
003     ULIB
008    140606s2555||||th 000 0 tha d
020    ^a9789740539131
060  0 ^aWM290 ^bท363บ
245 00 ^aบุหรี่กับสุขภาพ :^bพยาบาลกับการควบคุมการบริโภคยาสูบ /^cสุปาณี เสนาดิสัย, สุรินธร กลัมพากร, บรรณาธิการ
250    ^aพิมพ์ครั้งที่ 2
260    ^aกรุงเทพฯ :^bเครือข่ายพยาบาลเพื่อการควบคุมยาสูบแห่งประเทศไทย,^c2555
300    ^a361 หน้า
536    ^aด้รับการสนับสนุนจากสำนักงานกองทุนสนับสนุนการสร้างเสริมสุขภาพ (สสส.)
650  7 ^aการสูบบุหรี่^xการควบคุม^zไทย
650  7 ^aการเลิกบุหรี่^zไทย
650  7 ^aการสูบบุหรี่^zไทย
650  7 ^aคนสูบบุหรี่^zไทย
650  7 ^aยาสูบ^xการควบคุม^zไทย
650  7 ^aพยาบาล
700 0  ^aสุปาณี เสนาดิสัย,^eบรรณาธิการ
700 0  ^aสุรินธร กลัมพากร,^eบรรณาธิการ
710 2  ^aเครือข่ายพยาบาลเพื่อการควบคุมยาสูบแห่งประเทศไทย.^bสมาคมพยาบาลแห่งประเทศไทยในพระราชูปถัมภ์สมเด็จพระศรีนครินทร์ทราบรมราชชนนี
945    ^p0^l0^i034487
999    ^aเกษร โพธิ์สุวรรณ
รายการนี้ยังไม่มีแท็ก
คุณยังไม่ได้ล็อกอิน คุณสามารถมีกิจกรรมร่วมกับเว็บไซต์ได้ แต่ต้องล็อกอินก่อน ::
  ล็อกอิน

รายการสื่อสารสนเทศ

ลำดับที่ ประเภท เลขเรียก/บาร์โค้ด สถานที่ สถานะ
1. วิทยาศาสตร์การแพทย์ และสุขภาพ
หนังสือสำรอง
สถานะ=หนังสือสำรอง
WM290 ท363บ ฉ.1 
  Barcode: 034487
ห้องสมุดวิทยาเขตสวรรค์ประชารักษ์
►ส่วนจัดเก็บหนังสือเก่า สปร
บนชั้น
  ขอยืม

รายการใกล้เคียง
    หัวเรื่อง [พยาบาล]

BibComment


ยังไม่เคยถูกคอมเมนท์

คอมเมนท์ทรัพยากรรายการนี้
  คอมเมนท์: บุหรี่กับสุขภาพ ..


 Copyright 2026. Bcnsprnw @Library